| 000 | 00536nam a2200169 i 4500 | ||
|---|---|---|---|
| 001 | 34792 | ||
| 003 | ES-MaACL | ||
| 005 | 20230906155011.0 | ||
| 007 | t| | ||
| 008 | 030211s1926 fr ||||1| fre d | ||
| 100 | 1 |
_aBonnard, Roger. _930228 |
|
| 245 | 1 | 0 |
_aPrécis élémentaire de droit administratif / _cRoger Bonnard. |
| 260 |
_aParis : _bSociété Anonyme du Recueil Sirey, _c1926 ( _eBordeaux : _fJ. Biere) |
||
| 300 |
_a555 p. ; _c20 cm. |
||
| 500 | _aPrecede al tít.: La licence en droit. | ||
| 852 |
_aES-MaACL _jA-1402 _bR.11854 |
||
| 999 |
_c34792 _d34792 |
||